| 000 | 00592cam a2200193 4500500 | ||
|---|---|---|---|
| 005 | 20260405001730.0 | ||
| 041 | _afre | ||
| 042 | _adc | ||
| 100 | 1 | 0 |
_aRusch, Pierre _eauthor |
| 245 | 0 | 0 | _aDerrière les grilles. Sortons du tout-évaluation |
| 260 | _c2014. | ||
| 500 | _a53 | ||
| 690 | _aBarbara Cassin | ||
| 690 | _aCatherine Portevin | ||
| 690 | _aÉvaluation | ||
| 690 | _aNorme | ||
| 786 | 0 | _nPhilosophie magazine | 78 | 4 | 2014-04-01 | p. 62-62 | 1951-1787 | |
| 856 | 4 | 1 | _uhttps://shs.cairn.info/magazine-philosophie-magazine-2014-4-page-62?lang=fr&redirect-ssocas=7080 |
| 999 |
_c2050519 _d2050519 |
||